Der Lichtbogen Schweisser : Leitfaden für Ausbildung und Praxis /

Na minha lista:
Detalhes bibliográficos
Autor principal: Marfels, Wilfried (Author)
Formato: Livro
Idioma:alemão
Publicado em: Düsseldorf : DVS, 1987
Edição:8.Aufl.
Assuntos:
Tags: Adicionar Tag
Sem tags, seja o primeiro a adicionar uma tag!

MARC

LEADER 00000nam a22000003a 4500
001 stu44573
005 20150617225718.3
008 950502s1987----gw------------------ger-d
020 |a 3-87155-501-0 
040 |a STU  |b slo 
041 0 |a ger 
044 |a gw 
080 |a 621.791.75 
100 1 |a Marfels, Wilfried  |4 aut 
245 1 |a Der Lichtbogen Schweisser :  |b Leitfaden für Ausbildung und Praxis /  |c [aut.]W. Marfels 
250 |a 8.Aufl. 
260 |a Düsseldorf :  |b DVS,  |c 1987 
300 |a 89 s 
650 7 |a zváranie oblúkové  |2 stusub 
996 |b 284M025669  |c M*9138-1  |l MMKN  |s A  |a 24  |w stu44573_0001